|
|
|
|
| LEADER |
01289nam a2200385 4500 |
| 001 |
000004659 |
| 003 |
800 |
| 005 |
20120412100448.0 |
| 008 |
110803s1986 viesd |
| 020 |
|
|
|c 17000đ
|
| 041 |
0 |
|
|a vie
|
| 082 |
|
|
|a 843
|b MA-H
|
| 100 |
0 |
|
|a Malô, Hécto
|
| 245 |
1 |
0 |
|a Không gia đình
|c HectoMalo ; Huỳnh Lý: dịch ; Bìa: Nguyễn Bích Mh: Thuý Ngọc
|n T. 2
|
| 250 |
|
|
|a In lần 5
|
| 260 |
|
|
|a H.
|b Công ty Phát hành sách miền Nam
|b Kim Đồng
|c 1986
|
| 300 |
|
|
|a 385 tr : minh họa
|c 19 cm
|
| 500 |
|
|
|a Dịch từ nguyên bản tiếng Pháp
|
| 504 |
|
|
|a Tập 2
|
| 653 |
|
|
|a tiểu thuyết
|
| 653 |
|
|
|a Văn học cận đại
|
| 653 |
|
|
|a Pháp
|
| 700 |
|
|
|a Huỳnh Lý
|e Dịch
|
| 773 |
|
|
|t Không gia đình
|w 795
|
| 910 |
|
|
|a Nguyễn Thị Kim Oanh
|d 03/ 08/ 2011
|
| OWN |
|
|
|a LSP
|
| AVA |
|
|
|a UDN50
|b LSP
|d 843 MA-H
|e available
|t Error 5001 Not defined in file expand_doc_bib_avail.
|f 2
|g 1
|h N
|i 0
|k 1
|
| 999 |
|
|
|a From the UDN01
|
| AVA |
|
|
|a UDN50
|b LSP
|d 843 MA-H
|e available
|t Error 5001 Not defined in file expand_doc_bib_avail.
|f 2
|g 1
|h N
|i 0
|k 1
|
| TYP |
|
|
|a Monograph
|
| TYP |
|
|
|a Printed language
|
| 980 |
|
|
|a Mạng thư viện Đại học Đà Nẵng
|